Ideas+ houses + casas + maisons + hauser

Bibliographic Details
Main Authors: Haro, Fernando de, Fuentes Omar
Format: Section = Libro
Language:Undetermined
Spanish
Published: México AM Editores 2008
Subjects:
LEADER 00569nam a2200217Ia 4500
008 240829s9999 xx 000 0 und d
020 |a 978-970-9726-79-4 
040 |a BIBLIOTECA-RUSB/ 729 H292 
041 |a spa 
082 |a 729 H292 
100 1 |a Haro, Fernando de 
100 1 |b Fuentes Omar 
245 1 0 |a Ideas+ houses + casas + maisons + hauser 
260 |a México  |b AM Editores  |c 2008 
300 |a 272 p. :il. 
650 7 |a ARQUITECTURA 
650 7 |b  ARQUITECTURA-DISEÑO 
650 7 |c  DECORACION DE INTERIORES 
942 |c BK  |2 ddc 
991 |a TEXTO 
999 |c 5357